Statistics for Breaking Bad Superquiz

Click here to take the quiz!

General Stats

  • This quiz has been taken 144 times
  • The average score is 45 of 64

Answer Stats

Answer% Correct
Walter White
99%
Walter White, Jr.
99%
Hank Schrader
98%
Jesse Pinkman
98%
Skyler White
98%
Gustavo Fring
96%
Heisenberg
96%
Marie Schrader
95%
Saul Goodman
95%
Hector "Tio" Salamanca
94%
Tuco Salamanca
93%
Mike Ehrmantraut
92%
New Mexico
92%
2013
91%
Gale Boetticher
91%
Jane Margolis
91%
2008
88%
Badger
88%
Todd Alquist
88%
Pizza
87%
Skinny Pete
87%
Steve Gomez
86%
Ricin
85%
Bryan Cranston
84%
Huell
84%
AMC
83%
Lydia Rodarte-Quayle
83%
Victor
83%
Los Pollos Hermanos
82%
Aaron Paul
81%
Brock Cantillo
81%
RV
81%
Vince Gilligan
81%
Uncle Jack
80%
Ted Beneke
78%
Andrea Cantillo
77%
Felina
74%
Elliott Schwartz
69%
Gretchen Schwartz
69%
Grey Matter
68%
Tyrus Kitt
66%
Anna Gunn
65%
New Hampshire
63%
Bob Odenkirk
61%
Dean Norris
60%
Giancarlo Esposito
56%
Jonathan Banks
51%
RJ Mitte
50%
Lily of the Valley
48%
Carmen Molina
45%
Methylamine
45%
Face Off
44%
Leonel Salamanca
44%
Madrigal
43%
Marco Salamanca
43%
Blue Sky
42%
Betsy Brandt
33%
Francesca Liddy
33%
Krysten Ritter
31%
Kuby
31%
Steven Quezada
16%
ASAC George Merkert
9%
Albequrque
5%
Two Planes Collide
3%

Score Distribution

Percentile by Number Answered

Percent of People with Each Score

Your Score History

You have not taken this quiz